000 00767nam a2200193Ii 4500
003 JO-AjNU
008 230605s9999||||xx |||||||||||||| ||und||
040 _aJO-AjNU
_bara
_erda
_cJO-AjNU
041 _aara
050 1 4 _aHV2474.2013
100 3 _aالمجلس الأعلى لشؤون الأشخاص المعوقين,
_eauthor
_945532
245 0 0 _aالدليل المهني للترجمة والمترجم بلغة الإشارة 
264 3 1 _aعمان: المجلس الأعلى لشؤون الأشخاص المعوقين، 2013
300 _a154ص
336 _atext
_btxt
_2rdacontent
337 _aunmediated
_bn
_2rdamedia
338 _avolume
_bnc
_2rdacarrier
650 4 _aالصم -- وسائل اتصال -- اشارات -- لغة الاشارة
_945533
999 _aA19745
_c23313
_d23313